000 00477ntaaa2200193 4500
003 01
005 20251027202744.0
008 0714s1973 ag 01
040 _aAR-BaBN
_bspa
_cAR-BaBN
_eaacr
_dRIC
082 _a790.0000 K82
100 _aKohl, Marguerite
_927618
245 _aGames for children
250 _a1 ed.
260 _aNew York :
_bHill and Wang,
_cc1953
300 _a184 p
650 _arecreación
_918895
700 _aYoung, Frederica
_927619
942 _cBK
999 _c22805
_d22805